BUBT Library Online Catalog

James Joyce A Portrait of the Artist as a Young Man : (Record no. 3057)

000 -LEADER
fixed length control field 00604nam a2200205Ia 4500
003 - CONTROL NUMBER IDENTIFIER
control field BUBTL
008 - FIXED-LENGTH DATA ELEMENTS--GENERAL INFORMATION
fixed length control field 151213s9999 xx 000 0 und d
082 ## - DEWEY DECIMAL CLASSIFICATION NUMBER
Classification number 823.912/ J851p/ 1992
100 ## - MAIN ENTRY--PERSONAL NAME
Personal name Deane, Seamus
9 (RLIN) 5023
245 ## - TITLE STATEMENT
Title James Joyce A Portrait of the Artist as a Young Man :
Statement of responsibility, etc. Seamus Deane
250 ## - EDITION STATEMENT
Edition statement 1st Edn.
260 ## - PUBLICATION, DISTRIBUTION, ETC. (IMPRINT)
Place of publication, distribution, etc. London
Name of publisher, distributor, etc. Panguen Books
Date of publication, distribution, etc. c1992
300 ## - PHYSICAL DESCRIPTION
Extent [xlii],329p. :
Other physical details 18 cm
650 #0 - SUBJECT ADDED ENTRY--TOPICAL TERM
Topical term or geographic name as entry element English
9 (RLIN) 3550
650 #0 - SUBJECT ADDED ENTRY--TOPICAL TERM
Topical term or geographic name as entry element English Language
9 (RLIN) 194
700 ## - ADDED ENTRY--PERSONAL NAME
Personal name Deane, Seamus
9 (RLIN) 5023
856 ## - ELECTRONIC LOCATION AND ACCESS
Password 0
Logon 0
Link text Download
942 ## - ADDED ENTRY ELEMENTS (KOHA)
Source of classification or shelving scheme
Koha item type Books
Holdings
Withdrawn status Lost status Source of classification or shelving scheme Damaged status Not for loan Collection code Permanent location Current location Shelving location Date acquired Source of acquisition Inventory number Total Checkouts Full call number Barcode Date last seen Copy number Price effective from Koha item type
          Non-fiction Bangladesh University of Business and Technology Library Bangladesh University of Business and Technology Library English Literature Stacks 01/18/2008 Purchase 4858   823.912/ J851p/ 1992 BUBTL-20034858 12/06/2022 C-1 12/06/2022 Books
          Non-fiction Bangladesh University of Business and Technology Library Bangladesh University of Business and Technology Library English Literature Stacks 01/18/2008 Purchase 4859   823.912/ J851p/ 1992 BUBTL-20034859 12/06/2022 C-2 12/06/2022 Books
          Non-fiction Bangladesh University of Business and Technology Library Bangladesh University of Business and Technology Library English Literature Stacks 01/18/2008 Purchase 4860   823.912/ J851p/ 1992 BUBTL-20034860 12/06/2022 C-3 12/06/2022 Books

More Information About Library

Library Hours

  • Open: 9.00 am. to 9.00 pm.
  • Only Sunday: 9.00 am. to 6.00 pm.
  • Closed: Holiday

Contact to the University

Bangladesh University of Business and Technology Library

  • Mirpurl-2, 1216.
  • Phone:
  • Fax:
  • E-Mail: admin.library@bubt.edu.bd

Contact to the Library

Contact Person:

Md. Abdul Hakim Shah
Joint Librarian
PABX No:  113
Cell No: 01816332931
E-mail: official: admin.library@bubt.edu.bd
Personal: hakim.shah@bubt.edu.bd


BUBT Library

Copyright © 2021